|
|
|
|
| LEADER |
01089nam a2200205 a 4500 |
| 008 |
090517s1982 bg a b 000 0 eng d |
| 082 |
0 |
4 |
|a 338.1/85492
|2 19
|
| 100 |
1 |
|
|a Gowda,C.L.L.
|
| 245 |
1 |
0 |
|a Pulses in Bangladesh /
|c Gowda C.L.L. and A.K. Kaul.
|
| 260 |
|
|
|a Dhaka :
|b Bangladesh Agricultural Research Institute ;
|b Food and Agriculture Organization of the United Nations,
|c 1982.
|
| 300 |
|
|
|a vii,472p. :
|b ill. ;
|c 24cm.
|
| 541 |
1 |
|
|e 00000511
|
| 650 |
|
0 |
|a Legume industry
|z Bangladesh
|
| 700 |
1 |
|
|a Kaul, A.K.
|
| 710 |
2 |
|
|a Bangladesh Agricultural Research Institute.
|
| 710 |
2 |
|
|a Food and Agriculture Organization of the United Nations.
|
| 852 |
4 |
|
|a Ayesha Abed Library
|j Generalshelf
|
| 999 |
|
|
|c 746
|d 746
|
| 952 |
|
|
|0 0
|1 0
|2 ddc
|4 0
|6 338_185492000000000_GOW
|7 0
|9 17886
|a BRACUL
|b BRACUL
|c GEN
|d 2011-08-23
|g 0.00
|l 0
|o 338.185492 GOW
|p 3010000511
|r 2011-08-23
|t 1
|w 2011-08-23
|y BK
|z Not price in Register
|x Not price in Register
|
| 952 |
|
|
|0 0
|1 4
|2 ddc
|4 0
|6 338_185492000000000_GOW
|7 0
|9 17887
|a BRACUL
|b BRACUL
|c GEN
|d 2011-08-23
|g 60.00
|l 0
|o 338.185492 GOW
|p 3010000512
|r 2011-08-23
|t 2
|w 2011-08-23
|y BK
|x Koha Inventory 2020
|